[Event "Trapiche Alagoano op 49th"]
[Site "Trapiche"]
[Date "2023.12.15"]
[Round "1"]
[White "Lima, Rikelme Amorim Dos"]
[Black "Leite, Lucas Ferreira"]
[Result "1-0"]
[WhiteElo "1976"]
[BlackElo "1800"]
[PlyCount "103"]
[EventDate "2023.12.15"]
[EventType "swiss"]
[EventRounds "6"]
[EventCountry "BRA"]
[SourceTitle "CB51_2023"]
[SourceDate "2023.12.20"]
[SourceVersion "1"]
[SourceVersionDate "2023.12.20"]
[SourceQuality "1"]

1. e4 c5 2. c3 g6 3. Bc4 e6 4. d4 cxd4 5. Qxd4 Qf6 6. e5 Qd8 7. Nf3 Nc6 8. Qe4 d5 9. exd6 Nf6 10. Qh4 Bxd6 11. Bg5 Be7 12. Nbd2 h6 13. 0-0-0 Nd5 14. Ne4 Bxg5+ 15. Nexg5 Nce7 16. Ne4 Qc7 17. Nf6+ Nxf6 18. Qxf6 0-0 19. Bb3 b5 20. Kb1 a5 21. h4 a4 22. Bc2 Nd5 23. Qe5 Qxe5 24. Nxe5 a3 25. Bb3 Bb7 26. Nd7 Rfd8 27. Bxd5 Bxd5 28. Nf6+ Kf8 29. Nxd5 Rxd5 30. Rxd5 exd5 31. Rd1 Rd8 32. bxa3 Ke7 33. Kb2 Kd6 34. Kb3 Kc5 35. Rd4 f5 36. a4 bxa4+ 37. Rxa4 Rb8+ 38. Rb4 Ra8 39. a4 Ra5 40. Rb8 h5 41. Rc8+ Kd6 42. Rg8 Ke5 43. Rxg6 Kf4 44. Rg5 Ra7 45. Rxh5 Rb7+ 46. Ka3 Rb1 47. a5 Ra1+ 48. Kb4 Rb1+ 49. Kc5 Ra1 50. Kxd5 Rxa5+ 51. Kd4 Ra2 52. g3+ 1-0

[Event "Barra de Sao Miguel op"]
[Site "Barra de Sao Miguel"]
[Date "2019.10.11"]
[Round "3"]
[White "Lima, Rikelme Amorim Dos"]
[Black "Silva, Flavio da Costa"]
[Result "0-1"]
[WhiteElo "1333"]
[BlackElo "1869"]
[PlyCount "98"]
[EventDate "2019.10.10"]
[EventType "swiss"]
[EventRounds "7"]
[EventCountry "BRA"]
[SourceTitle "CBM 192 Extra"]
[Source "Chessbase"]
[SourceDate "2019.11.06"]
[SourceVersion "1"]
[SourceVersionDate "2019.11.06"]
[SourceQuality "1"]

1. e4 e6 2. d4 g6 3. c4 Bg7 4. Nc3 Nc6 5. Nf3 Nge7 6. Be3 0-0 7. Be2 d6 8. 0-0 a6 9. Qd2 f5 10. Bh6 fxe4 11. Nxe4 Nf5 12. Bxg7 Kxg7 13. d5 exd5 14. Qxd5 Qe8 15. Rfe1 Nb4 16. Qd2 Qxe4 17. Qxb4 Nh4 18. Nxh4 Qxh4 19. Bf3 Rxf3 20. gxf3 Bh3 21. Re4 Qg5+ 22. Rg4 Bxg4 23. fxg4 Qxg4+ 24. Kf1 Qh3+ 25. Kg1 Qf3 26. Re1 Rf8 27. Re7+ Rf7 28. Rxf7+ Kxf7 29. c5 Qd1+ 30. Kg2 Qd5+ 31. Kg1 dxc5 32. Qf4+ Kg7 33. Qxc7+ Kh6 34. Qf4+ Qg5+ 35. Qg3 Qxg3+ 36. hxg3 Kg5 37. Kg2 Kf5 38. Kf3 h5 39. b3 b5 40. Ke3 g5 41. Kf3 a5 42. Ke3 h4 43. Kf3 g4+ 44. Kg2 h3+ 45. Kg1 c4 46. bxc4 bxc4 47. a4 c3 48. Kh1 c2 49. Kh2 c1Q 0-1